000 00323nam a2200133Ia 4500
008 240624s9999 xx 000 0 und d
041 _aeng
082 _a658.8 ICF
100 _aICFAI
245 _aSERVICES MARKETING WORKBOOK
260 _c2003
_aHyderabad
_bICFAI University
300 _a283 : p. : cm. ; 26
365 _cRS
999 _c6133
_d6133